000 00627nam a2200181Ia 4500
003 IN-BaIIA
008 211028s9999 xx 000 0 eng d
020 _a3-527-40574-7
040 _cIIA Library
080 _a530.1(092)
_bALB
245 0 _aAlbert Einstein-chief engineer of the universe
_bone hundred authors for Einstein
_cedited by Jurgen Renn
260 _aWeinheim
_bWiley-VCH Verlag Gmbh
_c2005
300 _a472p.
650 _aPhysicists - Germany - biography
_929658
650 _aRelativity (Physics) - history
_929659
700 _aRenn, Jurgen.,ed.
_918196
942 _cBK
999 _c16041
_d16041